00289nam a22000977a 4500008004100000082001600041100000800057245009600065260002200161300000800183230621b xxu||||| |||| 00| 0 eng d a328.30bCPA cCPA a2nd Commonwealth Parliamentary Conference of Members from Small CountriesbThe Bahamas 1982 aLondonbCPAc1982 a76p